Golden State Warriors Coaches by Picture - Statistics

General Stats
  • This quiz has been taken 25 times
  • The average score is 6 of 25
Answer Stats
Picture Hint Answer % Correct
2014-Present Steve Kerr
100%
2011-2014 Mark Jackson
83%
1988-1995 | 2006-2010 Don Nelson
67%
1986-1988 George Karl
67%
1997-1999 P. J. Carlesimo
50%
1995-1997 Rick Adelman
39%
1970-1980 | 1980-1983 Al Attles
17%
1963-1966 Alex Hannum
17%
2004-2006 Mike Montgomery
17%
1966-1968 Bill Sharman
11%
1995 Bob Lanier
11%
2000-2001 Dave Cowens
11%
1958-1959 Al Cervi
6%
1962-1963 Bob Feerick
6%
2001-2002 Brian Winters
6%
1946-1955 Eddie Gottlieb
6%
1988 Ed Gregory
6%
2002-2004 Eric Musselman
6%
1961-1962 Frank McGuire
6%
1999-2000 Garry St. Jean
6%
1968-1970 George Lee
6%
1955-1958 George Senesky
6%
1980 | 1983-1986 Johnny Bach
6%
2010-2011 Keith Smart
6%
1959-1961 Neil Johnston
6%
No matching quizzes found
Score Distribution
Percent of People with Each Score
Percentile by Number Answered
Your Score History
You have not taken this quiz